000
00209 a2200085 4500
041
_a
spa
100
_a
jorge Eduardo Arellano
245
_a
revista de la Academia de Geografia e historia de Nicaragua
942
_c
BK
999
_c
30678
_d
30676